000 00290nam a22001337a 4500
008 170828b xxu||||| |||| 00| 0 eng d
020 _a0564067026
041 _aeng
080 _a070
100 _a39
101 _aMED
245 _aMASS MEDIA RESEARCH
_cVIMMER.R.D
942 _2udc
_cBK
999 _c25214
_d25214